Surviving merger and acquisition /

Bibliographic Details
Main Author: McManus, Michael L.
Other Authors: Hergert, Michael Lee
Format: Book
Language:English
Published: Glenview, Ill. : Scott, Foresman, [1988]
Subjects:

MARC

Tag First Indicator Second Indicator Subfields
LEADER 00000cam a2200000 a 4500
001 in00000025017
005 20151007055705.0
008 871211s1988 ilua b 00110 eng
010 |a  87035643  
020 |a 067318854X :  |c $18.95 
035 |a (OCoLC)17300240 
035 |9 AAB8992AM 
040 |a DLC  |c DLC  |d TXA  |d UtOrBLW 
049 |a TXAM  |c [A11112168] 
050 0 0 |a HD58.8  |b .M36 1988 
082 0 |a 658.1/6  |2 19 
100 1 |a McManus, Michael L. 
245 1 0 |a Surviving merger and acquisition /  |c Michael L. McManus, Michael L. Hergert. 
264 1 |a Glenview, Ill. :  |b Scott, Foresman,  |c [1988] 
264 4 |c ©1988 
300 |a x, 244 pages :  |b illustrations ;  |c 25 cm. 
336 |a text  |b txt  |2 rdacontent 
337 |a unmediated  |b n  |2 rdamedia 
338 |a volume  |b nc  |2 rdacarrier 
504 |a Bibliography: pages 233-239. 
500 |a Includes index. 
650 0 |a Organizational change  |x Management. 
650 0 |a Consolidation and merger of corporations  |x Management. 
650 0 |a Corporate reorganizations  |x Management. 
700 1 |a Hergert, Michael Lee. 
999 |a MARS 
999 f f |s c63996e0-457c-396c-81d5-0dbf3b8ec1cd  |i 9ed8257e-2548-3b97-bd4e-3c9f7b63ffb0  |t 0 
952 f f |p ric  |a Texas A&M University  |b Rellis Campus  |c Joint Library Facility  |d Remote Storage  |t 0  |e HD58.8 .M36 1988  |h Library of Congress classification  |i unmediated -- volume  |m A14811112168 
998 f f |a HD58.8 .M36 1988  |t 0  |l Remote Storage